Statistics for Disney Movie Characters

Click here to take the quiz!

General Stats

  • This quiz has been taken 3,278 times
  • The average score is 12 of 14

Answer Stats

HintAnswer% Correct
WoodyToy Story
96%
DoryFinding Nemo
95%
AuroraSleeping Beauty
93%
BalooThe Jungle Book
92%
TianaThe Princess and the Frog
91%
GastonBeauty and the Beast
91%
MushuMulan
90%
RafikiThe Lion King
89%
EricThe Little Mermaid
86%
GusCinderella
78%
DocSnow White and the Seven Dwarfs
78%
Jiminy CricketPinocchio
74%
MegaraHercules
65%
DugUp
59%

Score Distribution

Percentile by Number Answered

Percent of People with Each Score

Your Score History

You have not taken this quiz